Diseño de red de alcantarillado sanitario en cinco Barrios del Municipio de Somoto, Departamento de Madriz
Presenta el diseño de red alcantarillado sanitario de los barrios Carlos Salgado, Feliciano Ramos, Juan Carlos Espinoza, Linda Vista y Los Maestros en el municipio de Somoto, departamento de Madriz, aplicando los criterios de diseño del INAA, para un periodo de diseño de 20 años
| Main Authors: | , |
|---|---|
| Other Authors: | |
| Format: | Tesis Section = Libro |
| Language: | Undetermined Spanish |
| Published: |
Managua
UNI
2016
|
| Subjects: |
| LEADER | 01230nam a2200289Ia 4500 | ||
|---|---|---|---|
| 008 | 240830s9999 xx 000 0 und d | ||
| 040 | |a BIBLIOTECA-RUPAP Mon 628.2 M538 | ||
| 041 | |a spa | ||
| 082 | |a Mon 628.2 M538 | ||
| 100 | 1 | |a Mendieta Sotelo, Loyda Isamar | |
| 100 | 1 | |b Lazo Rivera, Robín Jasón | |
| 245 | 1 | 0 | |a Diseño de red de alcantarillado sanitario en cinco Barrios del Municipio de Somoto, Departamento de Madriz |
| 260 | |a Managua |b UNI |c 2016 | ||
| 300 | |a 178 p. :il. | ||
| 500 | |a Contiene: anexos y CD. | ||
| 502 | |a Tesis (Ingeniero Civil)- UNI, 2016. | ||
| 520 | 3 | |a Presenta el diseño de red alcantarillado sanitario de los barrios Carlos Salgado, Feliciano Ramos, Juan Carlos Espinoza, Linda Vista y Los Maestros en el municipio de Somoto, departamento de Madriz, aplicando los criterios de diseño del INAA, para un periodo de diseño de 20 años | |
| 650 | 7 | |a ALCANTARILLADO SANITARIO-DISEÑO Y CONSTRUCCION | |
| 650 | 7 | |b INGENIERIA HIDRAULICA | |
| 650 | 7 | |c INGENIERIA SANITARIA | |
| 650 | 7 | |d AGUAS RESIDUALES | |
| 650 | 7 | |e AGUA PLUVIAL | |
| 650 | 7 | |f RED DE ALCANTARILLADO SANITARIO | |
| 700 | 1 | |a Tutor: |b Baldizón Aguilar, María Elena | |
| 942 | |c BK |2 ddc | ||
| 991 | |a TESIS | ||
| 999 | |c 16326 | ||